Welcome to CU Library Online Public Access Catalogue (OPAC)

Detailing for landscape architects : (Record no. 8109)

MARC details
000 -LEADER
fixed length control field 00826cam a2200241 a 4500
001 - CONTROL NUMBER
control field 16251126
005 - DATE AND TIME OF LATEST TRANSACTION
control field 20251106093758.0
008 - FIXED-LENGTH DATA ELEMENTS--GENERAL INFORMATION
fixed length control field 100525s2011 njua 001 0 eng
020 ## - INTERNATIONAL STANDARD BOOK NUMBER
International Standard Book Number 9780470548783
Qualifying information pbk.
050 00 - LIBRARY OF CONGRESS CALL NUMBER
Classification number SB472
Item number .R93 2011
082 00 - DEWEY DECIMAL CLASSIFICATION NUMBER
Classification number 712/.3
Edition information 22
100 1# - MAIN ENTRY--PERSONAL NAME
Personal name Ryan, Thomas,
Dates associated with a name 1952-
245 10 - TITLE STATEMENT
Title Detailing for landscape architects :
Remainder of title aesthetics, function, constructibility /
Statement of responsibility, etc. Tom Ryan, Edward Allen, and Patrick Rand ; drawings by Edward Allen ... [et al.].
260 ## - PUBLICATION, DISTRIBUTION, ETC.
Place of publication, distribution, etc. Hoboken, N.J. :
Name of publisher, distributor, etc. Wiley,
Date of publication, distribution, etc. c2011.
300 ## - PHYSICAL DESCRIPTION
Extent xiii, 258 p. :
Other physical details ill. ;
Dimensions 28 cm.
500 ## - GENERAL NOTE
General note Includes index.
650 #0 - SUBJECT ADDED ENTRY--TOPICAL TERM
Topical term or geographic name entry element Landscape architecture.
650 #0 - SUBJECT ADDED ENTRY--TOPICAL TERM
Topical term or geographic name entry element Architecture
General subdivision Details.
650 #0 - SUBJECT ADDED ENTRY--TOPICAL TERM
Topical term or geographic name entry element Landscape architectural drawing.
700 1# - ADDED ENTRY--PERSONAL NAME
Personal name Allen, Edward,
Dates associated with a name 1938-
700 1# - ADDED ENTRY--PERSONAL NAME
Personal name Rand, Patrick,
Dates associated with a name 1950-
942 ## - ADDED ENTRY ELEMENTS (KOHA)
Source of classification or shelving scheme Library of Congress Classification
Koha item type Books
Suppress in OPAC No
999 ## -
-- 8109
-- 8109
Holdings
Withdrawn status Lost status Source of classification or shelving scheme Damaged status Not for loan Collection Home library Current library Shelving location Date acquired Total checkouts Full call number Barcode Date last seen Copy number Price effective from Koha item type
    Library of Congress Classification     Non-fiction Science Library (Miotso) Science Library (Miotso) General stacks 11/06/2025   SB472 .R93 RYA SLM00005480 11/06/2025 1 11/06/2025 Books
© 2023-2024 Copyright: Central University Libraries. All Rights Reserved | Created by: Mahone Tech Office